000 00730nam a2200205 a 4500
001 78589
003 BD-RjUL
005 20211209083139.0
008 211018s1988 bg ||||| |||| 00| 0 ben d
035 _a(BD-RjUL)78815
040 _aBD-RjUL
_beng
_cBD-RjUL
041 _aben
082 _a581.1
_bMUU 1988
100 _aমুহমী, আবু আহমদ আবদুল
_9249108
245 1 0 _aউদ্ভিদ শারীরবিজ্ঞান /
_cআবু আহমদ আবদুল মুহমী
260 _aঢাকা :
_bবাংলা একাডেমী,
_c১৯৮৮
650 _aউদ্ভিদ দেহতত্ত্ব
_9249109
650 _aPlant Physiology
_9249110
942 _2ddc
_cBK
999 _c78589
_d78589